000 00976nam a22003137a 4500
003 CHAP
005 20220329134415.0
008 971013s1967 r 00010 d
010 _a20076
011 _a21048
035 _a25137
040 _cCHAP
090 _aTesis
100 0 0 _aAparicio Garcia, Hector.
_96206
245 _aAprovechamiento de las aguas del sub-suelo del alto Río Lerma en el Estado de México
260 _aMéxico, D.F., :
_bEl autor,
_c1967
300 _a83 h
502 _aTesis (Ing. Geólogo) -- UNAM. Fac. de Ingeniería
590 _aALEPH
_b10
_c20130110
_lUCH01
_h1243
590 _aBATCH-UPD
_b10
_c20130110
_lUCH01
_h1847
590 _aBATCH-UPD
_b10
_c20130410
_lUCH01
_h1217
590 _aBATCH-UPD
_b10
_c20130914
_lUCH01
_h2007
590 _aCONVERSION
_b10
_c20130109
_lUCH01
_h1312
650 1 4 _aAgua subterranea.
_92456
650 1 4 _aRío Lerma.
_999120
901 _aBK
942 _cTESIS
949 _bBC
_cTES
_d-57988
_eTS1
_i25137
_si
999 _c20076
_d20076